LEADER 00733nam0-22002771i-450- 001 990003663340403321 005 20001010 035 $a000366334 035 $aFED01000366334 035 $a(Aleph)000366334FED01 035 $a000366334 100 $a20000920d1949----km-y0itay50------ba 101 0 $aita 105 $ay-------001yy 200 1 $a<>Chartisme (1831-1848)$fE. Dolleans 210 $aParis$cs.e.$d1949 300 $aparte 4a vol. II 700 1$aDolleans,$bEdouard$f<1877-1954>$0137810 801 0$aIT$bUNINA$gRICA$2UNIMARC 901 $aBK 912 $a990003663340403321 952 $aSE 027.04.09-$b02179$fDECSE 959 $aDECSE 996 $aChartisme (1831-1848$9505039 997 $aUNINA DB $aING01